Click the Enhypen songs - kpop sudden death - Statistics

General Stats
  • This quiz has been taken 3,648 times
  • The average score is 6 of 17
Answers on the Grid
Answers color-coded by a green-red scale on the quiz's grid according to % correct below.
I need the light
Blossom
Drunk-dashed
Manifesto
Future perfect (Pass the MIC)
Dark flower
Fever
Bite you
Just a bit
Karma
Hey Tayo
Sunstruck
Mixed up
Highway 1000
Polaroid love
Blockbuster
Forget me not
One in a million
Still monster
Royal
Sweet venom
Not for sale
8 months
Upper Side Dreamin’
Go Big or Go Home
Dream
Interlude: Question
Attention, please!
Dash: Day 1
My eyes only
 
Answer Stats
Answer % Correct
Future perfect (Pass the MIC)
65%
Fever
52%
Blossom
48%
I need the light
47%
Sweet venom
46%
Go Big or Go Home
41%
Polaroid love
40%
Hey Tayo
38%
Karma
34%
Mixed up
34%
Blockbuster
27%
Not for sale
27%
Still monster
26%
Forget me not
25%
Attention, please!
23%
Upper Side Dreamin’
23%
Interlude: Question
16%
No matching quizzes found
Score Distribution
Percent of People with Each Score
Percentile by Number Answered
Your Score History
You have not taken this quiz